000 00818mam a2200265 i 4500
001 18286
003 BD-RjUL
005 20211209000249.0
008 140220r19581962enk 000 d eng d
035 _a(OCoLC)ocm05081737
035 _a(BD-RjUL)18344
040 _aMUU
_cMUU
_beng
_dBD-RjUL
041 _aeng
082 0 0 _a822.33
_bSHO 1962
100 1 _aShakespeare, William,
_d1564-1616.
_956290
245 1 0 _aOthello /
_cedited by M. R. Ridley.
250 _a7th ed., rev.
260 _aLondon :
_bMethuen,
_c1958 [Reprinted 1962, 1965].
300 _alxx, 246 p. ;
_c22 cm.
490 1 _aArden edition of the works of William Shakespeare
490 1 _aArden Shakespeare
600 0 _aShakespeare, William,
_d1564-1616.
_9241756
700 1 _aRidley, M. R.
_q(Maurice Roy),
_d1890-
_9241757
942 _2ddc
_cBK
999 _c18286
_d18286